000 00353nam a2200145 i 4500
001 bg
100 1 _aKARAŚKIEWICZ, Edmund
245 0 _aZarys teorii wektorów i tensorów /
_cE. Karaśkiewicz.
250 _aWyd.3 popr.
260 _aWarszawa,
_c1974.
040 _cBPK
041 _apol
942 _cKS
008 s pl f |000 0 pol
999 _c22346
_d22346
856 _uhttp://koha.tu.koszalin.pl/cgi-bin/koha/opac-detail.pl?biblionumber=22346
_yKatalog online BPK